French Cities by Etymology - Statistics

General Stats
  • This quiz has been taken 793 times
  • The average score is 12 of 15
Answer Stats
Origin City % Correct
Pario- Paris
96%
Tolosa Toulouse
95%
*Nant- Nantes
94%
Strata + *burgz Strasbourg
94%
Nikaia Nice
89%
Burdigala Bordeaux
86%
L'Isle Lille
84%
Lugdun / Lugdunon Lyon
81%
Mas Marseille
80%
Mons pisleri Montpellier
76%
Rēmi Reims
73%
Diviō Dijon
65%
*Red- Rennes
61%
Ambiani / Ambe Amiens
47%
*Brigs Brest
47%
No matching quizzes found
Score Distribution
Percent of People with Each Score
Percentile by Number Answered
Your Score History
You have not taken this quiz